Rideau Hall : (Record no. 531523)
[ view plain ]
| 000 -LEADER | |
|---|---|
| fixed length control field | 01365cam a2200349 a 4500 |
| 001 - CONTROL NUMBER | |
| control field | 3044660 |
| 003 - CONTROL NUMBER IDENTIFIER | |
| control field | NUST |
| 005 - DATE AND TIME OF LATEST TRANSACTION | |
| control field | 20191018102755.0 |
| 008 - FIXED-LENGTH DATA ELEMENTS--GENERAL INFORMATION | |
| fixed length control field | 950828s1994 onca b 000 0 eng d |
| 010 ## - LIBRARY OF CONGRESS CONTROL NUMBER | |
| LC control number | 95196497 |
| 020 ## - INTERNATIONAL STANDARD BOOK NUMBER | |
| International Standard Book Number | 0969902808 : |
| Terms of availability | $85.00 |
| 035 ## - SYSTEM CONTROL NUMBER | |
| System control number | (OCoLC)31647190 |
| 038 ## - RECORD CONTENT LICENSOR | |
| Staff Name | waseem |
| 040 ## - CATALOGING SOURCE | |
| Original cataloging agency | CaOONL |
| Language of cataloging | eng |
| Transcribing agency | CaOONL |
| Modifying agency | DLC |
| 042 ## - AUTHENTICATION CODE | |
| Authentication code | lccopycat |
| 043 ## - GEOGRAPHIC AREA CODE | |
| Geographic area code | n-cn-on |
| -- | n-cn--- |
| 050 00 - LIBRARY OF CONGRESS CALL NUMBER | |
| Classification number | NA4445.C22 |
| Item number | O865 1994 |
| 082 04 - DEWEY DECIMAL CLASSIFICATION NUMBER | |
| Classification number | 917.1384 |
| Author Mark | HNA |
| 100 1# - MAIN ENTRY--PERSONAL NAME | |
| Personal name | Hnatyshyn, Gerda, |
| Dates associated with a name | 1935- |
| 9 (RLIN) | 24325 |
| 245 10 - TITLE STATEMENT | |
| Title | Rideau Hall : |
| Remainder of title | Canada's living heritage / |
| Statement of responsibility, etc. | preface, Ramon John Hnatyshyn and Gerda Hnatyshyn ; [co-authors, Gerda Hnatyshyn, Paulette Lachapelle-Bélisle]. |
| 260 ## - PUBLICATION, DISTRIBUTION, ETC. | |
| Place of publication, distribution, etc. | Vanier, Ont. : |
| Name of publisher, distributor, etc. | Friends of Rideau Hall, |
| Date of publication, distribution, etc. | c1994. |
| 300 ## - PHYSICAL DESCRIPTION | |
| Extent | xii, 148 p. : |
| Other physical details | col. ill. ; |
| Dimensions | 32 cm. |
| 504 ## - BIBLIOGRAPHY, ETC. NOTE | |
| Bibliography, etc. note | Includes bibliographical references (p. 147). |
| 650 #0 - SUBJECT ADDED ENTRY--TOPICAL TERM | |
| Topical term or geographic name entry element | Rideau Hall (Ottawa, Ont.) |
| 9 (RLIN) | 24326 |
| 650 #0 - SUBJECT ADDED ENTRY--TOPICAL TERM | |
| Topical term or geographic name entry element | Governors general |
| General subdivision | Homes and haunts |
| Geographic subdivision | Ontario |
| -- | Ottawa. |
| 9 (RLIN) | 24327 |
| 651 #0 - SUBJECT ADDED ENTRY--GEOGRAPHIC NAME | |
| Geographic name | Ottawa (Ont.) |
| General subdivision | Buildings, structures, etc. |
| 9 (RLIN) | 24328 |
| 700 2# - ADDED ENTRY--PERSONAL NAME | |
| Personal name | Lachapelle-Bélisle, Paulette, |
| Dates associated with a name | 1946- |
| 9 (RLIN) | 24329 |
| 710 2# - ADDED ENTRY--CORPORATE NAME | |
| Corporate name or jurisdiction name as entry element | Friends of Rideau Hall. |
| 9 (RLIN) | 24330 |
| 906 ## - LOCAL DATA ELEMENT F, LDF (RLIN) | |
| a | 7 |
| b | cbc |
| c | copycat |
| d | 3 |
| e | ncip |
| f | 19 |
| g | y-gencatlg |
| 942 ## - ADDED ENTRY ELEMENTS (KOHA) | |
| Source of classification or shelving scheme | |
| Koha item type | Book |
| Withdrawn status | Lost status | Source of classification or shelving scheme | Damaged status | Not for loan | Permanent Location | Current Location | Date acquired | Source of acquisition | Full call number | Barcode | Date last seen | Price effective from | Koha item type |
|---|---|---|---|---|---|---|---|---|---|---|---|---|---|
| Central Library (CL) | Central Library (CL) | 10/18/2019 | Donation | 917.1384 HNA | CL-D-711 | 10/18/2019 | 10/18/2019 | Reference |
